000 00530nam a2200205Ia 4500
001 12956
003 GE_BSU
008 181216s||||||||xx |||||||||||||| ||und||
020 _a075150372X.
040 _cGE_BSU
080 _a821.111-312.4
100 _aPeters,Ellis.
245 4 _aThe Holy Thief.The Nineteenth Chronicle of Brother Cadfael.
260 _aLondon.
260 _bwarner Futura.
260 _c1992
300 _a274p;18cm.
653 _aThe Holy Thief.The Nineteenth Chronicle of Brother Cadfael.
942 _cBK
999 _c46125
_d46125